Tracing the Consequences of Child Poverty / Evidence from the Young Lives Study in Ethiopia, India, Peru and Vietnam (Record no. 3199)
[ view plain ]
| 000 -LEADER | |
|---|---|
| fixed length control field | 01507cam a22002414a 4500 |
| 005 - ΗΜΕΡΟΜΗΝΙΑ ΚΑΙ ΩΡΑ ΤΕΛΕΥΤΑΙΑΣ ΕΝΗΜΕΡΩΣΗΣ | |
| Πεδίο ελέγχου | 20250605164108.0 |
| 008 - FIXED-LENGTH DATA ELEMENTS--GENERAL INFORMATION | |
| Πεδίο ελέγχου σταθερού μήκους | 250528s ||||||||||||||||||||||||d |
| 035 ## - SYSTEM CONTROL NUMBER | |
| System control number | 17799 |
| 020 ## - ISBN | |
| ISBN | 9781447348313 |
| 040 ## - ΠΗΓΗ ΚΑΤΑΛΟΓΟΓΡΑΦΗΣΗΣ | |
| Φορέας πρωτότυπης καταλογογράφησης | MC Athens Campus Library |
| Γλώσσα καταλογογράφησης | Ελληνικά, Μοντέρνα (1453-) |
| Modifying agency | MC Athens Campus Library |
| Κανόνες περιγραφικής καταλογογράφησης | AACR2 |
| 245 1# - ΤΙΤΛΟΣ ΚΑΙ ΔΗΛΩΣΗ ΥΠΕΥΘΥΝΟΤΗΤΑΣ | |
| Τίτλος | Tracing the Consequences of Child Poverty / Evidence from the Young Lives Study in Ethiopia, India, Peru and Vietnam |
| 250 ## - EDITION STATEMENT | |
| Edition statement | 1st |
| 260 ## - PUBLICATION, DISTRIBUTION, ETC. | |
| Name of publisher, distributor, etc. | Policy Press, |
| Date of publication, distribution, etc. | 2019 |
| 300 ## - PHYSICAL DESCRIPTION | |
| Extent | 196 |
| 520 ## - SUMMARY, ETC. | |
| Summary, etc. | This book presents rich comparative and longitudinal evidence about young lives in the global south. Acknowledgements, Introduction: From Surviving to Thriving?, The Young Lives Design and Conceptual Framework, Growing Up in a Time of Extraordinary Change, Early Childhood: The Essential Foundation, Middle Childhood: A Key Time for Healthy Development and Learning, Adolescence and Youth: A Time of Responsibility and Transformation, Modelling the Development of Language and Mathematics Abilities from Early Childhood to Adolescence, Conclusion: Learning from the Experiences of Young Lives Children, Appendices, How Young Lives Measures Cognitive Skills, Growth Recovery - Is It Real or an Artefact of Measurement?, Variables Used in Analyses of Predictors of the Development of Language and Mathematics Abilities from 5 to 15 Years, Index. |
| 700 1# - ΠΡΟΣΘΕΤΗ ΑΝΑΓΡΑΦΗ--ΦΥΣΙΚΟ ΠΡΟΣΩΠΟ | |
| Personal name | Boyden Jo |
| 9 (RLIN) | 4052 |
| 700 1# - ΠΡΟΣΘΕΤΗ ΑΝΑΓΡΑΦΗ--ΦΥΣΙΚΟ ΠΡΟΣΩΠΟ | |
| Personal name | Dawes Andrew |
| 9 (RLIN) | 4053 |
| 700 1# - ΠΡΟΣΘΕΤΗ ΑΝΑΓΡΑΦΗ--ΦΥΣΙΚΟ ΠΡΟΣΩΠΟ | |
| Personal name | Dornan Paul |
| 9 (RLIN) | 4054 |
| 700 1# - ΠΡΟΣΘΕΤΗ ΑΝΑΓΡΑΦΗ--ΦΥΣΙΚΟ ΠΡΟΣΩΠΟ | |
| Personal name | Tredoux Colin |
| 9 (RLIN) | 4055 |
| 942 ## - ADDED ENTRY ELEMENTS (KOHA) | |
| Koha item type | Books |
| Τύπος τεκμηρίου | Βιβλιοθήκη | Τρέχουσα τοποθεσία | Barcode | Αριθμός εισαγωγής | Ημερομηνία απόκτησης | Ταξιθετικό σύμβολο | Αριθμός αντιτύπου | Κατάσταση απόσυρσης | Κατάσταση χαμένου | Κατάσταση κατεστραμμένου | Μη δανεισμός | Σύνολο δανεισμών | Ημερομηνία τελευταίας εμφάνισης | Η τιμή ισχύει από |
|---|---|---|---|---|---|---|---|---|---|---|---|---|---|---|
| Books | MC Athens Campus Library | MC Athens Campus Library | 9780000031983 | 7191 | 05/06/2025 | 362.88 BOY | 1 | 05/06/2025 | 05/06/2025 |